[Event "Let´s train those brainmuscles"]
[Site "SchemingMind.com"]
[Date "2010.02.20"]
[Round "-"]
[White "saxondom"]
[Black "Queeny"]
[Result "0-1"]
[WhiteCountry "HUN"]
[BlackCountry "ENG"]
[WhiteElo "1219"]
[WhiteRD "83"]
[BlackElo "1624"]
[BlackRD "66"]
[GameID "239555"]

1. e4 e6 2. d4 d5 3. e5 c5 4. c3 Nc6 5. Nf3 Qb6 6. Bd3 cxd4 7. cxd4 Bd7 8. O-O Nxd4 9. Nxd4 Qxd4 10. Nc3 Qxe5
11. Re1 Qd6 12. Nb5 Qb6 13. Be3 Bc5 14. Rc1 Bxe3 15. Rxe3 Bxb5 16. a4 Bxd3 17. Qxd3 Ne7 18. Qb5+ Qxb5 19. axb5 Nf5 20. Rb3 O-O
21. g4 Nd4 22. Re3 Nxb5 23. f4 Rac8 24. Rxc8 Rxc8 25. f5 exf5 26. gxf5 d4 27. Re5 d3 28. Rd5 g6 29. Rxd3 Rc1+ 30. Kf2 Rc2+
31. Ke3 Rxh2 32. Ke4 Nd6+ 33. Rxd6 Rxb2 34. Rd7 Re2+ 35. Kf4 Rf2+ 36. Ke5 Rxf5+ 37. Kd6 h5 38. Rxb7 h4 39. Rxa7 h3 40. Rc7 h2
41. Rc1 Rh5 42. Rh1 Kg7 43. Kc6 Kf6 44. Kd7 g5 45. Kd6 g4
0-1

[Event "Let´s train those brainmuscles"]
[Site "SchemingMind.com"]
[Date "2010.02.20"]
[Round "-"]
[White "saxondom"]
[Black "janez"]
[Result "0-1"]
[WhiteCountry "HUN"]
[BlackCountry "SLO"]
[WhiteElo "1219"]
[WhiteRD "83"]
[BlackElo "1606"]
[BlackRD "81"]
[GameID "239556"]

1. e4 e6 2. d4 d5 3. e5 c5 4. c3 Nc6 5. Nf3 Qb6 6. Bd3 cxd4 7. cxd4 Bd7 8. O-O Nxd4 9. Nxd4 Qxd4 10. Nc3 Qxe5
11. Re1 Qc7 12. Nb5 Qb6 13. Be3 Qa5 14. Rc1 Bxb5 15. Qe2 Bxd3 16. Qxd3 Nf6 17. Bg5 Be7 18. Bd2 Qxa2 19. Qb5+ Nd7 20. Qxb7 Rd8
21. h3 O-O 22. Be3 a6 23. Bb6 Nxb6 24. Qxb6 Rb8 25. Qd4 Qxb2 26. Qc3 Qxc3 27. Rxc3 Bb4 28. Rb3 Bxe1 29. Rxb8 Rxb8 30. f3 Bg3
31. Kf1 a5 32. Ke2 a4 33. Ke3 a3 34. Kd2 a2
0-1

[Event "Let´s train those brainmuscles"]
[Site "SchemingMind.com"]
[Date "2010.02.20"]
[Round "-"]
[White "saxondom"]
[Black "lemmie"]
[Result "0-1"]
[WhiteCountry "HUN"]
[BlackCountry "NED"]
[WhiteElo "1219"]
[WhiteRD "83"]
[BlackElo "1577"]
[BlackRD "55"]
[GameID "239557"]

1. e4 e6 2. d4 d5 3. e5 c5 4. c3 Nc6 5. Nf3 Qb6 6. Bd3 cxd4 7. cxd4 Bd7 8. O-O Nxd4 9. Nxd4 Qxd4 10. Qe2 Ne7
11. Nd2 a6 12. Nf3 Qb6 13. b3 Ng6 14. Be3 Bc5 15. Rac1 Bxe3 16. fxe3 Bc6 17. Nd4 Rc8 18. Qf3 O-O 19. a4 Nxe5 20. Qe2 Nxd3
21. Qxd3 h6 22. Rf3 Bd7 23. Rxc8 Rxc8 24. Kf2 e5 25. Nf5 e4 26. Ne7+ Kh8 27. Nxc8 Bxc8 28. Qxd5 exf3 29. gxf3 Be6 30. Qe5 Qxb3
31. a5 Qc2+ 32. Kg3 Qg6+ 33. Kf2 Qf5 34. Qxf5 Bxf5 35. e4 Be6 36. f4 g6 37. Kf3 h5 38. e5 Kg8 39. Ke4 Kf8 40. f5 Bxf5+
41. Kd5 Ke7 42. Kc5 Bd7 43. Kb6 Bc6 44. h4 Ke6 45. Ka7 Kxe5 46. Kb8 f5 47. Kc7 f4
0-1

[Event "Let´s train those brainmuscles"]
[Site "SchemingMind.com"]
[Date "2010.02.21"]
[Round "-"]
[White "saxondom"]
[Black "Imre030"]
[Result "0-1"]
[WhiteCountry "HUN"]
[BlackCountry "HUN"]
[WhiteElo "1219"]
[WhiteRD "83"]
[BlackElo "1264"]
[BlackRD "87"]
[GameID "239558"]

1. e4 e6 2. d4 d5 3. e5 c5 4. c3 Nc6 5. Nf3 Qb6 6. Bd3 cxd4 7. cxd4 Bd7 8. O-O Nxd4 9. Nxd4 Qxd4 10. Nc3 Qxe5
11. Re1 Qf6 12. Be3 d4 13. Ne4 Qd8 14. Bxd4 Bb4 15. Nd6+ Bxd6 16. g3 Nf6 17. b3 O-O 18. Be4 e5 19. Bxb7 Rb8 20. Bf3 Bg4
21. Bxa7 Rb4 22. a3 Qa8 23. Bxg4 Rxg4 24. Qxd6 Qxa7 25. b4 Ne4 26. Qxe5 Qxf2+ 27. Kh1 Nxg3+ 28. hxg3 Rxg3 29. Qxg3 Qxg3
0-1

[Event "Let´s train those brainmuscles"]
[Site "SchemingMind.com"]
[Date "2010.02.23"]
[Round "-"]
[White "saxondom"]
[Black "Darnell"]
[Result "1-0"]
[WhiteCountry "HUN"]
[BlackCountry "CAN"]
[WhiteElo "1214"]
[WhiteRD "86"]
[BlackElo "1387"]
[BlackRD "62"]
[GameID "239559"]

1. e4 e6 2. d4 d5 3. e5 c5 4. c3 Nc6 5. Nf3 Qb6 6. Bd3 cxd4 7. cxd4 Bd7 8. O-O Nxd4 9. Nxd4 Qxd4 10. Nc3 a6
11. Qe2 Ne7 12. Be3
1-0

[Event "Let´s train those brainmuscles"]
[Site "SchemingMind.com"]
[Date "2010.02.23"]
[Round "-"]
[White "keen"]
[Black "saxondom"]
[Result "1-0"]
[WhiteCountry "SCO"]
[BlackCountry "HUN"]
[WhiteElo "1640"]
[WhiteRD "59"]
[BlackElo "1214"]
[BlackRD "86"]
[GameID "239560"]

1. e4 e6 2. d4 d5 3. e5 c5 4. c3 Nc6 5. Nf3 Qb6 6. Bd3 cxd4 7. cxd4 Bd7 8. O-O Nxd4 9. Ng5 Nc6 10. Qf3 Nxe5
11. Qf4 f6 12. Qg3 Bb5 13. Bxb5+ Ke7 14. Qa3+ Kd8 15. Qxf8+ Kc7 16. Qxa8 Qxb5 17. Nxe6+ Kd7 18. Nd4 Qc5 19. Qxb7+ Kd6 20. Nf5+ Ke6
21. Nxg7+ Kd6 22. Ne8+ Ke6 23. Qg7 Qe7 24. Nc7+ Kd6 25. Nb5+ Kd7 26. Qxh8 Qd8 27. Qxh7+ Ne7 28. N1c3 Qa5 29. Rd1 a6 30. Rxd5+ Ke6
31. Nd4#
1-0

[Event "Let´s train those brainmuscles"]
[Site "SchemingMind.com"]
[Date "2010.02.23"]
[Round "-"]
[White "Queeny"]
[Black "saxondom"]
[Result "1-0"]
[WhiteCountry "ENG"]
[BlackCountry "HUN"]
[WhiteElo "1592"]
[WhiteRD "68"]
[BlackElo "1214"]
[BlackRD "86"]
[GameID "239561"]

1. e4 e6 2. d4 d5 3. e5 c5 4. c3 Nc6 5. Nf3 Qb6 6. Bd3 cxd4 7. cxd4 Bd7 8. O-O Nxd4 9. Nxd4 Qxd4 10. Re1 Qb6
11. Re2 Bc5 12. Qd2 Bxf2+ 13. Rxf2 Ne7 14. Qf4 Ng6 15. Qxf7+ Kd8 16. Bxg6 Re8 17. Bxh7 Qc5 18. Bg5+ Kc8 19. Na3 Kc7 20. Rc1 Qxc1+
21. Bxc1 Kd8 22. Bg5+ Kc7 23. Rc2+ Kb6 24. Qxd7
1-0

[Event "Let´s train those brainmuscles"]
[Site "SchemingMind.com"]
[Date "2010.02.23"]
[Round "-"]
[White "janez"]
[Black "saxondom"]
[Result "1-0"]
[WhiteCountry "SLO"]
[BlackCountry "HUN"]
[WhiteElo "1567"]
[WhiteRD "82"]
[BlackElo "1201"]
[BlackRD "85"]
[GameID "239562"]

1. e4 e6 2. d4 d5 3. e5 c5 4. c3 Nc6 5. Nf3 Qb6 6. Bd3 cxd4 7. cxd4 Bd7 8. O-O Nxd4 9. Nxd4 Qxd4 10. Re1 Qb6
11. b3 Bc5 12. Re2 Ne7 13. Nd2 Bxf2+ 14. Rxf2 O-O 15. Nf3 g6 16. Qe2 Nf5 17. Kh1 Nd4 18. Nxd4 Qxd4 19. Bb2 Qc5 20. Rc1 Qb6
21. Ba3 Rac8 22. Rxc8 Bxc8 23. Bxf8 Kxf8 24. Qf3 f5 25. g4 Ke7 26. gxf5 exf5 27. Rc2 Bd7 28. Qxd5 Bc6 29. Rxc6 Qxc6 30. Qxc6 bxc6
31. Kg2 f4 32. Kf3 g5 33. Bxh7 Ke6 34. Kg4 Kxe5 35. Kxg5 f3 36. Bd3 Kd4 37. Bf1 Ke3 38. h4 Kf2 39. Bc4 a5 40. h5 Ke3
41. h6 f2 42. h7 Kd2 43. h8=Q Kc1 44. Qd4 Kb1 45. Qxf2
1-0

[Event "Let´s train those brainmuscles"]
[Site "SchemingMind.com"]
[Date "2010.02.23"]
[Round "-"]
[White "lemmie"]
[Black "saxondom"]
[Result "1-0"]
[WhiteCountry "NED"]
[BlackCountry "HUN"]
[WhiteElo "1577"]
[WhiteRD "55"]
[BlackElo "1219"]
[BlackRD "83"]
[GameID "239563"]

1. e4 e6 2. d4 d5 3. e5 c5 4. c3 Nc6 5. Nf3 Qb6 6. Bd3 cxd4 7. cxd4 Bd7 8. O-O Nxd4 9. Nxd4 Qxd4 10. Nc3 a6
11. Re1 Ne7 12. Qe2 Nc6 13. Bd2 Nb4 14. Bb1 Bc5 15. a3 Bb5 16. Nxb5 axb5 17. Qxb5+ Nc6 18. Be3 Ra5 19. Qxc6+ bxc6 20. Bxd4 Bxd4
21. Re2 O-O 22. Bd3 Rb8 23. Rb1 Rb3 24. Bc2 Rb6 25. Bd1 f6 26. exf6 gxf6 27. g3 e5 28. Kg2 e4 29. Rd2 f5 30. Rxd4 Kg7
31. Rd2 Kg6 32. h4 h5 33. Ra1 Kf6 34. Bxh5 Ke5 35. b4 Ra8 36. Re2 d4 37. Rb2 d3 38. a4 c5 39. a5 Rxb4 40. Rxb4 cxb4
41. Kf1 b3 42. a6 Kd4 43. Bg6 Rxa6 44. Rxa6 e3 45. fxe3+ Kxe3 46. Bxf5 d2 47. Rd6 b2 48. h5
1-0

[Event "Let´s train those brainmuscles"]
[Site "SchemingMind.com"]
[Date "2010.02.23"]
[Round "-"]
[White "Imre030"]
[Black "saxondom"]
[Result "0-1"]
[WhiteCountry "HUN"]
[BlackCountry "HUN"]
[WhiteElo "1264"]
[WhiteRD "87"]
[BlackElo "1219"]
[BlackRD "83"]
[GameID "239564"]

1. e4 e6 2. d4 d5 3. e5 c5 4. c3 Nc6 5. Nf3 Qb6 6. Bd3 cxd4 7. cxd4 Bd7 8. O-O Nxd4 9. Be3 Nxf3+ 10. Qxf3 Qxb2
11. Nd2 Qxe5 12. Bf4 Qb2 13. Nb3 Bc5 14. Nxc5 Ne7 15. Qh5 g6 16. Qh6 Qc3 17. Be3 b6 18. Nxd7 Kxd7 19. Bb5+ Nc6 20. Rac1 Qa5
21. Rxc6 Qxb5 22. Rfc1 Rac8 23. Rxc8 Rxc8 24. Qxh7 Rxc1+ 25. Bxc1 Kc6 26. Qxf7 Qb1 27. Qf4 Qc2 28. a4 Qd1#
0-1

[Event "Let´s train those brainmuscles"]
[Site "SchemingMind.com"]
[Date "2010.02.23"]
[Round "-"]
[White "Darnell"]
[Black "saxondom"]
[Result "0-1"]
[WhiteCountry "CAN"]
[BlackCountry "HUN"]
[WhiteElo "1387"]
[WhiteRD "62"]
[BlackElo "1214"]
[BlackRD "86"]
[GameID "239565"]

1. e4 e6 2. d4 d5 3. e5 c5 4. c3 Nc6 5. Nf3 Qb6 6. Bd3 cxd4 7. cxd4 Bd7 8. O-O Nxd4 9. Nxd4 Qxd4 10. Nc3 Bc5
11. Be3 Qb4
0-1

[Event "Let´s train those brainmuscles"]
[Site "SchemingMind.com"]
[Date "2010.02.22"]
[Round "-"]
[White "Schaakmaatje"]
[Black "keen"]
[Result "1-0"]
[WhiteCountry "NED"]
[BlackCountry "SCO"]
[WhiteElo "1715"]
[WhiteRD "50"]
[BlackElo "1640"]
[BlackRD "59"]
[GameID "239636"]

1. e4 e6 2. d4 d5 3. e5 c5 4. c3 Nc6 5. Nf3 Qb6 6. Bd3 cxd4 7. cxd4 Bd7 8. O-O Nxd4 9. Nxd4 Qxd4 10. Qe2 Bb4
11. a3 Ba5 12. Nd2 Bb6 13. Nf3 Qc5 14. Be3 Qc7 15. Rac1 Qd8 16. Ng5 h6 17. Qh5 Qe7 18. Nxf7
1-0

[Event "Let´s train those brainmuscles"]
[Site "SchemingMind.com"]
[Date "2010.02.23"]
[Round "-"]
[White "Schaakmaatje"]
[Black "saxondom"]
[Result "1-0"]
[WhiteCountry "NED"]
[BlackCountry "HUN"]
[WhiteElo "1762"]
[WhiteRD "46"]
[BlackElo "1201"]
[BlackRD "85"]
[GameID "239637"]

1. e4 e6 2. d4 d5 3. e5 c5 4. c3 Nc6 5. Nf3 Qb6 6. Bd3 cxd4 7. cxd4 Bd7 8. O-O Nxd4 9. Nxd4 Qxd4 10. Qe2 Bb4
11. Nd2 Ne7 12. Nf3 Qc5 13. Be3 Qc6 14. Rfc1 Qa4 15. Nd4 Nc6 16. Nb5 O-O 17. Bc5 Rfc8 18. b3 Qa5 19. Bd6 Nd4 20. Nxd4 Bc3
21. Nc2 b5 22. Rab1 Bd2 23. Rd1 Bf4 24. Nd4 Rc3 25. Nxb5 Bc6 26. Nxc3 Qxc3 27. g3 Bg5 28. f4 Qd4+ 29. Qf2 Qxf2+ 30. Kxf2 Bd8
31. Bc5 Bb6 32. Bxb6 a5 33. Rbc1 h6 34. Rxc6 g6 35. Rdc1 Kh7 36. Rc8 Rxc8 37. Rxc8 Kg7 38. Bxa5 f6 39. Rc7+ Kf8 40. exf6 Ke8
41. Bxg6+
1-0

[Event "Let´s train those brainmuscles"]
[Site "SchemingMind.com"]
[Date "2010.02.21"]
[Round "-"]
[White "Schaakmaatje"]
[Black "Queeny"]
[Result "1-0"]
[WhiteCountry "NED"]
[BlackCountry "ENG"]
[WhiteElo "1676"]
[WhiteRD "50"]
[BlackElo "1564"]
[BlackRD "64"]
[GameID "239638"]

1. e4 e6 2. d4 d5 3. e5 c5 4. c3 Nc6 5. Nf3 Qb6 6. Bd3 cxd4 7. cxd4 Bd7 8. O-O Nxd4 9. Nxd4 Qxd4 10. Nc3 Qxe5
11. Re1 Qf6 12. Nxd5 Qd8 13. Qb3 b6 14. Bf4 Ne7 15. Nc7+
1-0

[Event "Let´s train those brainmuscles"]
[Site "SchemingMind.com"]
[Date "2010.02.21"]
[Round "-"]
[White "Schaakmaatje"]
[Black "janez"]
[Result "1-0"]
[WhiteCountry "NED"]
[BlackCountry "SLO"]
[WhiteElo "1762"]
[WhiteRD "46"]
[BlackElo "1567"]
[BlackRD "82"]
[GameID "239639"]

1. e4 e6 2. d4 d5 3. e5 c5 4. c3 Nc6 5. Nf3 Qb6 6. Bd3 cxd4 7. cxd4 Bd7 8. O-O Nxd4 9. Nxd4 Qxd4 10. Re1 Bc5
11. Qe2 Ne7 12. Be3 Qb4 13. a3 Qb6 14. Bxc5 Qxc5 15. Nc3 O-O 16. Rac1 Qb6 17. Bb5 Bxb5 18. Nxb5 a6 19. Nd6 Nc6 20. Kh1 Nd4
21. Qg4 Qxb2 22. Rc7 Qxf2 23. Rec1 Nc6 24. Qg5 h6 25. Qh5 Qf4 26. Re1 f5 27. Qg6 Nxe5 28. Qxg7#
1-0

[Event "Let´s train those brainmuscles"]
[Site "SchemingMind.com"]
[Date "2010.02.21"]
[Round "-"]
[White "Schaakmaatje"]
[Black "lemmie"]
[Result "1-0"]
[WhiteCountry "NED"]
[BlackCountry "NED"]
[WhiteElo "1715"]
[WhiteRD "50"]
[BlackElo "1575"]
[BlackRD "51"]
[GameID "239640"]

1. e4 e6 2. d4 d5 3. e5 c5 4. c3 Nc6 5. Nf3 Qb6 6. Bd3 cxd4 7. cxd4 Bd7 8. O-O Nxd4 9. Nxd4 Qxd4 10. Nc3 a6
11. Qe2 Ne7 12. Kh1 Ng6 13. f4 Bb4 14. Be3 Nxf4 15. Rxf4 Qxf4 16. Bxf4 Bxc3 17. bxc3 h6 18. Rb1 Bc6 19. Rb6 O-O 20. Qg4
1-0

[Event "Let´s train those brainmuscles"]
[Site "SchemingMind.com"]
[Date "2010.02.21"]
[Round "-"]
[White "Schaakmaatje"]
[Black "Imre030"]
[Result "1-0"]
[WhiteCountry "NED"]
[BlackCountry "HUN"]
[WhiteElo "1762"]
[WhiteRD "46"]
[BlackElo "1290"]
[BlackRD "90"]
[GameID "239641"]

1. e4 e6 2. d4 d5 3. e5 c5 4. c3 Nc6 5. Nf3 Qb6 6. Bd3 cxd4 7. cxd4 Bd7 8. O-O Nxd4 9. Nxd4 Qxd4 10. Qe2 Bc5
11. Be3 Qb4 12. a3 Qb6 13. Bxc5 Qxc5 14. Nd2 f6 15. Rac1 Qe7 16. Rc7 Rc8 17. Rfc1 Rxc7 18. Rxc7 Nh6 19. Bb5 O-O 20. Rxd7 Qc5
21. Nb3 Qb6 22. Rd6 Qc7 23. Bd7 Nf5 24. Bxe6+ Kh8 25. Bxf5 Rd8 26. Rxd8+ Qxd8 27. exf6 gxf6 28. Qe6 Qg8 29. Qxf6+ Qg7 30. Qd8+ Qg8
31. Qxg8+ Kxg8 32. Be6+ Kf8 33. Bxd5 Ke7 34. Bxb7
1-0

[Event "Let´s train those brainmuscles"]
[Site "SchemingMind.com"]
[Date "2010.02.23"]
[Round "-"]
[White "Schaakmaatje"]
[Black "Darnell"]
[Result "1-0"]
[WhiteCountry "NED"]
[BlackCountry "CAN"]
[WhiteElo "1724"]
[WhiteRD "49"]
[BlackElo "1330"]
[BlackRD "65"]
[GameID "239642"]

1. e4 e6 2. d4 d5 3. e5 c5 4. c3 Nc6 5. Nf3 Qb6 6. Bd3 cxd4 7. cxd4 Bd7 8. O-O Nxd4 9. Nxd4 Qxd4 10. Qe2 Ne7
11. Nc3
1-0

[Event "Let´s train those brainmuscles"]
[Site "SchemingMind.com"]
[Date "2010.02.26"]
[Round "-"]
[White "keen"]
[Black "Schaakmaatje"]
[Result "1-0"]
[WhiteCountry "SCO"]
[BlackCountry "NED"]
[WhiteElo "1640"]
[WhiteRD "59"]
[BlackElo "1715"]
[BlackRD "50"]
[GameID "239643"]

1. e4 e6 2. d4 d5 3. e5 c5 4. c3 Nc6 5. Nf3 Qb6 6. Bd3 cxd4 7. cxd4 Bd7 8. O-O Nxd4 9. Nbd2 Bc5 10. Nxd4 Bxd4
11. Nb3 a6 12. Qg4 Bxe5 13. Rb1 h5 14. Qh4 Nf6 15. Be3 Qd6 16. f4 Bxb2 17. Rxb2
1-0

[Event "Let´s train those brainmuscles"]
[Site "SchemingMind.com"]
[Date "2010.02.26"]
[Round "-"]
[White "saxondom"]
[Black "Schaakmaatje"]
[Result "0-1"]
[WhiteCountry "HUN"]
[BlackCountry "NED"]
[WhiteElo "1214"]
[WhiteRD "86"]
[BlackElo "1715"]
[BlackRD "50"]
[GameID "239644"]

1. e4 e6 2. d4 d5 3. e5 c5 4. c3 Nc6 5. Nf3 Qb6 6. Bd3 cxd4 7. cxd4 Bd7 8. O-O Nxd4 9. Nxd4 Qxd4 10. Nc3 Bb4
11. Be3 Qxe5 12. Nb5 a6 13. Qa4 Bd6 14. Bd4 Qxh2#
0-1

[Event "Let´s train those brainmuscles"]
[Site "SchemingMind.com"]
[Date "2010.02.21"]
[Round "-"]
[White "Queeny"]
[Black "Schaakmaatje"]
[Result "0-1"]
[WhiteCountry "ENG"]
[BlackCountry "NED"]
[WhiteElo "1624"]
[WhiteRD "66"]
[BlackElo "1724"]
[BlackRD "49"]
[GameID "239645"]

1. e4 e6 2. d4 d5 3. e5 c5 4. c3 Nc6 5. Nf3 Qb6 6. Bd3 cxd4 7. cxd4 Bd7 8. O-O Nxd4 9. Nxd4 Qxd4 10. Re1 Ne7
11. Nc3 Nc6 12. Nb5 Qb6 13. Be3 Qd8 14. Bf4 a6 15. Nc3 Be7 16. Qh5 Nd4 17. Qg4 g6 18. Be3 Nc6 19. a3 Nxe5 20. Qd4 Bd6
21. Bf4 f6
0-1

[Event "Let´s train those brainmuscles"]
[Site "SchemingMind.com"]
[Date "2010.02.21"]
[Round "-"]
[White "janez"]
[Black "Schaakmaatje"]
[Result "0-1"]
[WhiteCountry "SLO"]
[BlackCountry "NED"]
[WhiteElo "1567"]
[WhiteRD "82"]
[BlackElo "1762"]
[BlackRD "46"]
[GameID "239646"]

1. e4 e6 2. d4 d5 3. e5 c5 4. c3 Nc6 5. Nf3 Qb6 6. Bd3 cxd4 7. cxd4 Bd7 8. O-O Nxd4 9. Nxd4 Qxd4 10. Re1 Rc8
11. Nc3 a6 12. a4 Ne7 13. h3 Ng6 14. Qe2 Nf4 15. Bxf4 Qxf4 16. g3 Qh6 17. h4 Be7 18. Qg4 O-O 19. Nxd5 exd5 20. Qxd7 Qe6
21. Qxb7 a5 22. Bf1 Rc2 23. Bg2 Bb4 24. Bxd5 Qf5 25. Rf1 Qxe5 26. b3 Bc5 27. Kg2 Qb2 28. Qc7 Rxf2+ 29. Kh3 Rh2+ 30. Kg4 Qd4+
31. Qf4 Qxd5 32. Rad1 h5#
0-1

[Event "Let´s train those brainmuscles"]
[Site "SchemingMind.com"]
[Date "2010.02.21"]
[Round "-"]
[White "lemmie"]
[Black "Schaakmaatje"]
[Result "0-1"]
[WhiteCountry "NED"]
[BlackCountry "NED"]
[WhiteElo "1575"]
[WhiteRD "51"]
[BlackElo "1715"]
[BlackRD "50"]
[GameID "239647"]

1. e4 e6 2. d4 d5 3. e5 c5 4. c3 Nc6 5. Nf3 Qb6 6. Bd3 cxd4 7. cxd4 Bd7 8. O-O Nxd4 9. Nxd4 Qxd4 10. Qe2 Ne7
11. Nc3 a6 12. a3 Ng6 13. Bxg6 hxg6 14. Rd1 Qh4 15. Be3 Qxh2+
0-1

[Event "Let´s train those brainmuscles"]
[Site "SchemingMind.com"]
[Date "2010.02.26"]
[Round "-"]
[White "Imre030"]
[Black "Schaakmaatje"]
[Result "0-1"]
[WhiteCountry "HUN"]
[BlackCountry "NED"]
[WhiteElo "1290"]
[WhiteRD "90"]
[BlackElo "1762"]
[BlackRD "46"]
[GameID "239648"]

1. e4 e6 2. d4 d5 3. e5 c5 4. c3 Nc6 5. Nf3 Qb6 6. Bd3 cxd4 7. cxd4 Bd7 8. O-O Nxd4 9. Bg5 Nxf3+ 10. Qxf3 Qxb2
11. Nd2 Qxe5 12. Bf4 Qf6 13. Rac1 Bc6 14. Rce1 Bc5 15. Be5 Qxf3 16. Nxf3 f6 17. Bd4 Bxd4 18. Nxd4 e5 19. Nb5 Bxb5 20. Bxb5+ Ke7
21. a4 Nh6 22. Rc1 Rac8 23. g3 Nf5 24. Bd3 Nd4 25. Rxc8 Rxc8 26. Bxh7 Rc4 27. a5 Nb3 28. Bd3 Rc3 29. Rb1 Rxd3 30. Re1 Nxa5
31. Re3 Rxe3 32. fxe3 Nc4 33. Kf2 Kd6
0-1

[Event "Let´s train those brainmuscles"]
[Site "SchemingMind.com"]
[Date "2010.02.26"]
[Round "-"]
[White "Darnell"]
[Black "Schaakmaatje"]
[Result "0-1"]
[WhiteCountry "CAN"]
[BlackCountry "NED"]
[WhiteElo "1330"]
[WhiteRD "65"]
[BlackElo "1724"]
[BlackRD "49"]
[GameID "239649"]

1. e4 e6 2. d4 d5 3. e5 c5 4. c3 Nc6 5. Nf3 Qb6 6. Bd3 cxd4 7. cxd4 Bd7 8. O-O Nxd4 9. Nxd4 Qxd4 10. Nc3 Qxe5
0-1

[Event "Let´s train those brainmuscles"]
[Site "SchemingMind.com"]
[Date "2010.03.28"]
[Round "-"]
[White "Gabi1"]
[Black "keen"]
[Result "0-1"]
[WhiteCountry "GER"]
[BlackCountry "SCO"]
[WhiteElo "1501"]
[WhiteRD "72"]
[BlackElo "1642"]
[BlackRD "63"]
[GameID "243452"]

1. e4 e6 2. d4 d5 3. e5 c5 4. c3 Nc6 5. Nf3 Qb6 6. Bd3 cxd4 7. cxd4 Bd7 8. O-O Nxd4 9. Be3 Nxf3+ 10. Qxf3 Qxb2
11. Nd2 Qxe5 12. Rac1 Bb4 13. Qg4 Bd6 14. Bf4 Qxf4 15. Qxf4 Bxf4 16. Rc2 Nf6 17. Nb3 O-O 18. Nc5 Bc6 19. a4 Rac8 20. a5 Bd6
21. a6 b6 22. Nb7 Bxb7 23. axb7 Rxc2 24. Bxc2 Rb8 25. Rc1 Rxb7 26. f4 Rc7
0-1

[Event "Let´s train those brainmuscles"]
[Site "SchemingMind.com"]
[Date "2010.03.29"]
[Round "-"]
[White "Gabi1"]
[Black "saxondom"]
[Result "1-0"]
[WhiteCountry "GER"]
[BlackCountry "HUN"]
[WhiteElo "1497"]
[WhiteRD "70"]
[BlackElo "1201"]
[BlackRD "85"]
[GameID "243453"]

1. e4 e6 2. d4 d5 3. e5 c5 4. c3 Nc6 5. Nf3 Qb6 6. Bd3 cxd4 7. cxd4 Bd7 8. O-O Nxd4 9. Ng5 Be7 10. b3 Bxg5
11. Bxg5 Ne7 12. Qh5 g6 13. Qh6 Nef5 14. Qh3 Nxb3 15. axb3 O-O 16. Bxf5 exf5 17. Qh6 f6 18. exf6 Rxf6 19. Nc3 Rf7 20. Nxd5 Qd4
21. Ne7+ Rxe7 22. Bxe7 Kf7 23. Rad1 Qe5 24. Rxd7 Ke6 25. Rfd1 Qb5 26. R1d6+
1-0

[Event "Let´s train those brainmuscles"]
[Site "SchemingMind.com"]
[Date "2010.04.01"]
[Round "-"]
[White "Gabi1"]
[Black "Queeny"]
[Result "0-1"]
[WhiteCountry "GER"]
[BlackCountry "ENG"]
[WhiteElo "1501"]
[WhiteRD "72"]
[BlackElo "1624"]
[BlackRD "66"]
[GameID "243454"]

1. e4 e6 2. d4 d5 3. e5 c5 4. c3 Nc6 5. Nf3 Qb6 6. Bd3 cxd4 7. cxd4 Bd7 8. O-O Nxd4 9. Be3 Bc5 10. Nc3 Nxf3+
11. Qxf3 Qxb2 12. Nxd5 exd5 13. Bxc5 Be6 14. Bf5 Qxe5 15. Bxe6 fxe6 16. Qf8+ Kd7 17. Qxa8 Qc7 18. Qxa7 Nf6 19. Rfc1 Ne4 20. Ba3 Nc3
21. Rxc3 Qxc3 22. Qxb7+ Qc7 23. Qb5+ Qc6 24. Qxc6+ Kxc6 25. Rc1+ Kd7 26. f4 Ra8 27. Rc3 g6 28. Kf2 Ke8 29. Ke3 Ra4 30. g4 d4+
31. Kd3 dxc3 32. Bc5 c2 33. Kxc2 Rc4+
0-1

[Event "Let´s train those brainmuscles"]
[Site "SchemingMind.com"]
[Date "2010.04.02"]
[Round "-"]
[White "Gabi1"]
[Black "janez"]
[Result "1-0"]
[WhiteCountry "GER"]
[BlackCountry "SLO"]
[WhiteElo "1497"]
[WhiteRD "70"]
[BlackElo "1567"]
[BlackRD "82"]
[GameID "243455"]

1. e4 e6 2. d4 d5 3. e5 c5 4. c3 Nc6 5. Nf3 Qb6 6. Bd3 cxd4 7. cxd4 Bd7 8. O-O Nxd4 9. Nxd4 Qxd4 10. Qb3 Qb6
11. Be3 Qc7 12. Bb5 b6 13. Rc1 Qd8 14. Nc3 Bc5 15. Bxc5 bxc5 16. Bxd7+ Qxd7 17. Nb5 Rb8 18. a4 Ke7 19. Rxc5 Rb7 20. Qa3 Kd8
21. Nd6 Rb8 22. Rac1 f6 23. g4 fxe5 24. g5 Qe7 25. h4 h6 26. Nc8 Qd7 27. Rb5 Rxb5 28. axb5 Ne7 29. Qa5+ Ke8 30. Nxe7 Kf7
31. Rc7 Qe8 32. Nc6+ Kg6 33. Qxa7 Rg8 34. Nxe5+ Kf5 35. Rf7+ Kxe5 36. Qc7+ Kd4 37. Qc3+ Ke4 38. Qe3#
1-0

[Event "Let´s train those brainmuscles"]
[Site "SchemingMind.com"]
[Date "2010.04.02"]
[Round "-"]
[White "Gabi1"]
[Black "lemmie"]
[Result "1-0"]
[WhiteCountry "GER"]
[BlackCountry "NED"]
[WhiteElo "1501"]
[WhiteRD "72"]
[BlackElo "1577"]
[BlackRD "55"]
[GameID "243456"]

1. e4 e6 2. d4 d5 3. e5 c5 4. c3 Nc6 5. Nf3 Qb6 6. Bd3 cxd4 7. cxd4 Bd7 8. O-O Nxd4 9. b3 Nxf3+ 10. Qxf3 Qd4
11. Nc3 Qxc3 12. Rb1 Ne7 13. Bb2 Qa5 14. a3 Bc6 15. a4 Ng6 16. Rbc1 Be7 17. Bd4 a6 18. Rc5 Qc7 19. Rc3 Nxe5 20. Qf4 Bf6
21. Re1 Rc8 22. Bxe5 Bxe5 23. Rxe5 O-O 24. Qh4 g6 25. Rh5 gxh5 26. Bxh7+ Kxh7 27. Qxh5+ Kg7 28. Qg5+
1-0

[Event "Let´s train those brainmuscles"]
[Site "SchemingMind.com"]
[Date "2010.04.02"]
[Round "-"]
[White "Gabi1"]
[Black "Schaakmaatje"]
[Result "1-0"]
[WhiteCountry "GER"]
[BlackCountry "NED"]
[WhiteElo "1501"]
[WhiteRD "72"]
[BlackElo "1724"]
[BlackRD "49"]
[GameID "243457"]

1. e4 e6 2. d4 d5 3. e5 c5 4. c3 Nc6 5. Nf3 Qb6 6. Bd3 cxd4 7. cxd4 Bd7 8. O-O Nxd4 9. b3 Bc5 10. Nc3 Ne7
11. Ng5 O-O 12. Bxh7+
1-0

[Event "Let´s train those brainmuscles"]
[Site "SchemingMind.com"]
[Date "2010.04.02"]
[Round "-"]
[White "Gabi1"]
[Black "Imre030"]
[Result "0-1"]
[WhiteCountry "GER"]
[BlackCountry "HUN"]
[WhiteElo "1497"]
[WhiteRD "70"]
[BlackElo "1290"]
[BlackRD "90"]
[GameID "243458"]

1. e4 e6 2. d4 d5 3. e5 c5 4. c3 Nc6 5. Nf3 Qb6 6. Bd3 cxd4 7. cxd4 Bd7 8. O-O Nxd4 9. Nxd4 Qxd4 10. Re1 Bc5
11. Qf3 h6 12. Nc3 Qh4 13. g3 Qd8 14. Be3 d4 15. Bxd4 Bxd4 16. Bb5 a6 17. Bxd7+ Qxd7 18. Rad1 Qc6 19. Qxc6+ bxc6 20. Rxd4 Rd8
21. Rd6 Ne7 22. Red1 Rxd6 23. Rxd6 O-O 24. b4 Nd5 25. Rxc6 Nxb4 26. Rb6 a5 27. f4 Rc8 28. a3 Rxc3 29. axb4 a4 30. Ra6 a3
31. b5 Rc1+ 32. Kf2 Rc2+ 33. Ke3 a2 34. h4 h5 35. Kf3 Rb2 36. g4 Rxb5 37. gxh5 Rb2 38. h6 Rb3+= 39. Kg4 Rb2 40. Kg5 Rg2+
41. Kh5 g6#
0-1